MDQL
is popping MORE tags! Check the
thread
!
Quizzes
Events
Quiz Creation
Community
Videos
Private Events
Remove Ads
Sign In
Join for FREE
Feedback
Dark Mode
Quiz Categories
Sports
Geography
Music
Movies
Television
Just For Fun
Miscellaneous
History
Literature
Language
Science
Gaming
Entertainment
Religion
Holiday
For Kids
Quiz Lab
Recent
Popular Today
Quiz Kudos Today
Editor Picks
Curator Picks
Quizzes by...
Day
Popularity
Type
Ratings
Length
Year
Community
Subscriptions
Recent Discussions
Orange Saloon
Badges
Playlists
Quests
Create
Leaderboards
Showdown
Live 5
Trivia Bingo
Activity
Puzzle Library
Sporcle Events
Private Events
Virtual Trivia
Globe League
Become a Host
Pub Owners
SporcleCon
Opinionation
Our Games
Videos
Blog
Mobile Apps
Partnerships
Remove Ads and Go Orange
Feedback
Television
TV Characters
TV Show
Sitcom
Network
Friends
Reality Shows
Cast
South Park
Star Trek
The Simpsons
Doctor Who
Television
TV Characters
TV Show
Sitcom
Network
Friends
Reality Shows
Cast
South Park
Star Trek
The Simpsons
Doctor Who
Random Quiz
Search Sporcle
×
Featured
Featured
Television
Sitcom
Select answers by clicking on text or image buttons
Select answers by clicking on text or image buttons
Clickable
Best Score? Go Orange.
Modern Family: Phil's-osophy Stats
Can you pick the missing words in these excerpts from 'Phil's-osophy'?
By
amyevg
6m
30 Questions
26.7K Plays
26,657 Plays
26,657 Plays
Comments
Comments
Give Quiz Kudos
Give Quiz Kudos
-
- Ratings
hide this ad
More Info
Forced Order
Answers have to be entered in order
Answers have to be entered in order
Replay
Link that replays current quiz
Next Quiz
Link to next quiz in quiz playlist
You Got
0%
They Got
Avg Score
79%
Avg Friend Score
Upgrade to see
Score Distribution
Jump to the score distribution portion of the page
Score
0/30
Timer
06:00
3
Plays Today
% Correct
love
90.1%
person
86.9%
mustache
86.4%
afraid
85.2%
feet
84.9%
fall
84.6%
two
84.5%
speeding
84.3%
best
84.1%
sing
83.9%
expectations
83.9%
tiger
83.8%
eye
83.4%
diarrhea
83.4%
blind
82.3%
% Correct
being
81.9%
impression
81.7%
lemons
81.5%
sexy
80%
success
79.5%
eat
77.5%
crayon
76.9%
parakeets
75.1%
older
71.4%
sunrise
71.2%
lemonade
71.1%
watch
67%
giblets
66%
disappointed
64.5%
biography
59.7%
Quiz Playlist
Details
Report
Send in Message
Add To Playlist
More Info:
Click the word the correlates with the missing word with the parentheses around it.
Clickable:
Select answers by clicking on text or image buttons
Forced Order:
Answers have to be entered in order
Quiz Source
Last Updated: Sep 26, 2018
Featured
Curator Pick in
Sitcom
Quiz Scoreboard
CHALLENGE
Sign Up to Join the Scoreboard
Show All
Scores
Hide
Comments
May contain spoilers
Recently Published
1-10 Letter E Words III
by El_Dandy
Language
2m
Street Fighter Characters
by Artimus82
Gaming
60s
College Basketball Coaching Resumes
by pancakes188
Sports
9m
More to Explore
Quiz From the Vault
Featured Blog Post
Where Did the Easter Bunny Come From?
hide this ad
You Might Also Like...
Tags
Clickable Quiz
Sitcom Quiz
Excerpt
Family
Modern
Today's Top Quizzes in Television
Browse Television
hide this ad
Today's Top Quizzes in Sitcom
Browse Sitcom
Top Contributed Quizzes in Television
1
5-to-1: The Simpsons Families
2
Adjectives in 80s TV Shows
3
Adjectives in 00s TV Shows
4
Survivor Journey Challenge
5
5-to-1: Television Doctors
6
7-to-1: TV Show Settings
7
Adjectives in 10s TV Shows
8
5-to-1: Streaming Originals
9
Survivor Seasons
10
Adjectives in 70s TV Shows
Explore More
Trending Topics
NBA
Disney
Harry Potter
Crossword
Kpop
Marvel
Anime
Soccer
WWE
Country
The Office
Pokémon
Puzzle
Song
NFL
hide this ad
More By:
amyevg
Quiz
Plays
Rating
Category
Featured
Created
5 by 5 Cartoon Characters
144,233
4.52
Television
Nov 20, 2014
Figure Out the Lyrics (Boy Band Edition)
120,033
4.60
Music
Apr 5, 2013
Figure Out The Lyrics (Classic Rock)
118,864
4.19
Music
Jun 21, 2013
Figure Out the Lyrics (One-Hit Wonder)
112,244
4.04
Music
May 17, 2013
25 Compound Words Visualized
101,027
4.25
Language
Jul 8, 2014
Go to Creator's Profile
Score Distribution
Quiz Creator Spotlight
amyevg
Follow
Send a Message
Quizzes Created
-
Created Quiz Play Count
-
More By This Creator
Popular Quizzes Today
1
Find the US States - No Outlines Minefield
2
Find the Countries of Europe - No Outlines Minefield
3
The Countries of the World
4
Find the US States
5
Risky Map Clicking: Biggest States A-Z
6
US States
7
Popular People in 1961
8
Movies - When Are They Set?
More Television Quizzes
Television Christmas Cards III
Curator's Pick
Trending Quizzes
Risky Map Clicking: Least Populous States A-Z
Billboard Blitz: Aretha Franklin
Famous Russians: Author or Composer?
1-10 Letter G Words
Countries of the World: 200 Million BC
Recently Updated
Leaping Animals
pecheneg
Reality TV Shows (A-Z)
bhenderson79
Rickey Henderson's Hall of Fame Teammates
pecheneg
Champions League XIs: Arsenal
pecheneg
Quick Pick: Celebrities in WWE's Hall of Fame
aduchscher
A-Z Keypad Blitz II
pecheneg
Multiple Oscar Actors
pecheneg
Mystery Phrase Blitz: Oscar 'Best Actors'
pecheneg
F. Scott Fitzgerald Novels
LTH
Pick 3 Villains
ddd62291
Trending Topics
NBA
Harry Potter
Disney
Anime
Kpop
Marvel
Crossword
The Office
Pokémon
Country
Soccer
Song
WWE
Puzzle
NFL
Your Account Isn't Verified!
In order to create a playlist on Sporcle, you need to verify the email address you used during registration. Go to your
Sporcle Settings
to finish the process.
Report this User
Report this user for behavior that violates our
Community Guidelines
.
Details:
Send Report
Go to the Sporcle.com Mobile Site →
Comments